Dopasuj stolicę do państwa Ameryki północnej - Statystyki

Ogólne statystyki
  • Ten quiz został rozwiązany 50 razy
  • Średni wynik to 17 z 23
Statystyki odpowiedzi
Stolica Państwo % Poprawnych
Ottawa Kanada
94%
Meksyk Meksyk
94%
Waszyngton Stany Zjednoczone
94%
Roseau Dominika
92%
Gwatemala Gwatemala
92%
Panama Panama
89%
Kingston Jamajka
86%
Hawana Kuba
86%
San Salvador Salvador
83%
Santo Domingo Dominikana
81%
Port-au-Prince Haiti
81%
Belmopan Belize
75%
Tegucigalpa Honduras
72%
San José Kostaryka
72%
Nassau Bahamy
67%
Managua Nikaragua
67%
Port-of-Spain Trynidad i Tobago
64%
Saint George's Grenada
61%
Bridgetown Barbados
56%
Kingstown Saint Vincent i Grenadyny
56%
Castries Saint lucia
53%
Basseterre Saint Kitts i Nevis
50%
Saint John's Antigua i Barbuda
42%
Nie znaleziono quizów pasujących do podanych kryteriów
Rozkład punktacji
Procent ludzi z każdym wynikiem
Percentyl według liczby udzielonych odpowiedzi
Twoja historia wyników
Nie rozwiązałeś tego quizu